Geography Quiz

Random Geography or State Quiz

US States Without 'C' Minefield Quiz Stats

 Plays Quiz Updated Dec 20, 2019

Support Sporcle.
Go Orange.
Score 0/40 Timer 05:00
4 Plays Today
% Correct
???
94%
???
90.8%
???
90.3%
???
89.7%
???
89.6%
???
87.8%
???
87%
???
86.8%
???
86.7%
???
86.7%
???
86.5%
???
85.7%
???
85.1%
???
83.7%
???
82.4%
???
82.4%
???
82.2%
???
82.2%
???
81.8%
???
81.7%
% Correct
???
81.1%
???
80.8%
???
80.5%
???
80.5%
???
80%
???
78.7%
???
78.7%
???
78.6%
???
78.2%
???
78.1%
???
78.1%
???
77.4%
???
77.1%
???
77%
???
76.6%
???
76.5%
???
76.2%
???
75.4%
???
74.7%
???
74%

You're not logged in!

Compare scores with friends on all Sporcle quizzes.
OR
Log In

From the Vault

Famous Fivesomes

by BlueWingX

Grab a fifth, plead the fifth, or play a perfect fifth. This quiz of grouped fives will start in 1, 2, 3, 4....
Remove Ads.
Support Sporcle.
Get the best of Sporcle when you Go Orange. This ad-free experience offers more features, more stats, and more fun while also helping to support Sporcle. Thank you for becoming a member.

Show Comments

Extras

Top Quizzes Today


Score Distribution

Your Account Isn't Verified!

In order to create a playlist on Sporcle, you need to verify the email address you used during registration. Go to your Sporcle Settings to finish the process.

Report this User

Report this user for behavior that violates our Community Guidelines.

Details: